Guess North American Flags #1 - Statistics

General Stats
  • This quiz has been taken 124 times
  • The average score is 14 of 16
Answer Stats
Picture Answer % Correct
Canada
100%
Mexico
99%
United States
99%
Jamaica
98%
Cuba
87%
Panama
84%
Barbados
81%
Costa Rica
81%
Haiti
80%
El Salvador
79%
Guatemala
79%
Honduras
79%
Belize
77%
Dominican Republic
77%
Nicaragua
76%
The Bahamas
76%
No matching quizzes found
Score Distribution
Percent of People with Each Score
Percentile by Number Answered
Your Score History
You have not taken this quiz